000
00267nam a2200109Ia 4500
008
201216s9999 xx 000 0 und d
100
_a
Muckleroy, Keith
245
0
_a
Marine Archaeology
260
_a
Cambridge
_b
Cambridge University Press
300
_a
270
942
_c
BK
999
_c
6796
_d
6796